000 00202nam a2200109Ia 4500
100 _a#N/A
650 _aComputer/ IT
942 _cBK
245 _aPCQ Professional
260 _b#N/A
546 _aENGLISH
999 _c23145
_d23145